书目信息 |
| 题名: |
葫芦丝 唢呐 笙
|
|
| 作者: | ;星海音乐学院考级委员会 主编 | |
| 分册: | 1级~10级、表演级 | |
| 出版信息: | 北京 中国青年出版社 2020.11 |
|
| 页数: | 12,351页 | |
| 开本: | 30cm | |
| 丛书名: | ||
| 单 册: | ||
| 中图分类: | J632.196 | |
| 科图分类: | ||
| 主题词: | 民族管乐器--吹奏法--中国--水平考试--教材 , 唢呐--吹奏法--水平考试--教材 , 笙--吹奏法--水平考试--教材 | |
| 电子资源: | ||
| ISBN: | 978-7-5153-5804-8 | |
| 000 | 00973nam0 2200277 45 | |
| 001 | 012001001337 | |
| 005 | 20130911101539.0 | |
| 010 | @a978-7-5153-5804-8@dCNY128.00 | |
| 100 | @a20210304d2020 em y0chiy0110 ea | |
| 101 | 0 | @achi |
| 102 | @aCN@b110000 | |
| 105 | @ag z 000yy | |
| 106 | @ar | |
| 200 | 1 | @a葫芦丝 唢呐 笙@Ahu lu si suo na sheng@i1级~10级、表演级@f星海音乐学院考级委员会主编 |
| 210 | @a北京@c中国青年出版社@d2020.11 | |
| 215 | @a12,351页@d30cm | |
| 300 | @a星海音乐学院社会艺术水平考级全国通用教材 | |
| 330 | @a本书分1级~10级和表演级,可同时配合星海音乐学院《音乐基础知识》考级教材使用。 | |
| 606 | 0 | @a民族管乐器@x吹奏法@y中国@x水平考试@j教材 |
| 606 | 0 | @a唢呐@x吹奏法@x水平考试@j教材 |
| 606 | 0 | @a笙@x吹奏法@x水平考试@j教材 |
| 610 | 0 | @a葫芦丝 |
| 690 | @aJ632.196@v5 | |
| 711 | 02 | @a星海音乐学院考级委员会@Axing hai yin yue xue yuan kao ji wei yuan hui@4主编 |
| 801 | @aCN@b江苏凤凰@c20211018 | |
| 905 | @b1343111-4@dJ632.196@e191@f4 | |
| 葫芦丝 唢呐 笙.1级~10级、表演级/星海音乐学院考级委员会主编.-北京:中国青年出版社,2020.11 |
| 12,351页;30cm |
| 星海音乐学院社会艺术水平考级全国通用教材 |
| ISBN 978-7-5153-5804-8:CNY128.00 |
| 本书分1级~10级和表演级,可同时配合星海音乐学院《音乐基础知识》考级教材使用。 |
| ● |
| 相关链接 |
|
|
|
|
正题名:葫芦丝 唢呐 笙
索取号:J632.196/191
 
预约/预借
| 序号 | 登录号 | 条形码 | 馆藏地/架位号 | 状态 | 备注 |
| 1 | 1343111 | 213431115 | 第一样本阅览室/ [索取号:J632.196/191] | 在馆 | |
| 2 | 1343112 | 213431124 | 第一借阅区/ [索取号:J632.196/191] | 在馆 | |
| 3 | 1343113 | 213431133 | 第一借阅区/ [索取号:J632.196/191] | 在馆 | |
| 4 | 1343114 | 213431142 | 第一借阅区/ [索取号:J632.196/191] | 在馆 |